Elden Ring Bosses With Defeat Quotes - Statistics

General Stats
  • This quiz has been taken 2,034 times
  • The average score is 12 of 14
Answer Stats
Quote(s) Boss % Correct
Phase 1: Lowly Tarnished... Thou'rt unfit even to graft...Phase 2: Great Godfrey, did'st thou witness? Godrick The Grafted
97%
Put these foolish ambitions to rest. Margit, The Fell Omen
97%
I am **, Blade of Miquella... Malenia, Blade Of Miquella
95%
Let your flesh be consumed. By the scarlet rot. Malenia, Goddess Of Rot
95%
Phase 1: Put these foolish ambitions to rest.Phase 2: May the curse seep to thy very soul. Morgott, The Omen King
92%
Tarnished Warrior. 'Twas nobly fought. Godfrey, First Elden Lord
91%
(if Gurranq is not given all Deathroots) Cower. Before **, The Black Blade.(if Gurranq is given all Deathroots) Cower. Before **, Marika's Black Blade. Maliketh, The Black Blade
90%
Miquella is mine and mine alone. Mohg, Lord Of Blood
90%
Phase 1: Be not afeard, little Culver.Phase 2: Thy fate lieth under my moon. Rennala, Queen Of The Full Moon
90%
Now, we can devour the gods, together! Rykard, Lord Of Blasphemy
89%
A crown is warranted with strength! Hoarah Loux, Warrior
74%
My fellow, you've fought well, until now. Sir Gideon Ofnir, The All-Knowing
73%
(if Gurranq is not given all Deathroots) I shall not part with it again.(if Gurranq is given all Deathroots) Stay away from Destined Death. Beast Clergyman
62%
There's a special circle, for rotten thieves like you. Patches
62%
No matching quizzes found
Score Distribution
Percent of People with Each Score
Percentile by Number Answered
Your Score History
You have not taken this quiz